| 000 | 00651nam a2200229Ia 4500 | ||
|---|---|---|---|
| 003 | OSt | ||
| 005 | 20230622153503.0 | ||
| 008 | 210423s2015 xx 000 0 und d | ||
| 020 | _a978-93-5039-138-9 | ||
| 040 | _cAL | ||
| 041 | _aeng | ||
| 082 |
_a657.46 _223 _bMAND |
||
| 100 |
_aMANOHARAN (T N);HARI (G R) _9112335 |
||
| 245 | _aDirect tax laws: assessment year 2015-16 | ||
| 260 |
_aMumbai _bSnow White Publications Pvt Ltd _c2015 |
||
| 300 |
_alxxxiv,1048 _bPB |
||
| 365 |
_b1100 _cINR |
||
| 650 |
_aAccounting _9112336 |
||
| 650 |
_aIncome Tax _9112337 |
||
| 906 | _a2015-16 ; assessment ; Direct ; laws: ; tax ; year | ||
| 942 |
_2ddc _cBK |
||
| 999 |
_c167208 _d167208 |
||